La Guerre Froide - Statistiques

Statistiques générales
  • Ce quiz a été pris 1 605 fois
  • Le résultat moyen est 10 sur 15
Statistiques - réponses
Question Réponse % Correct
Pourquoi il n'y a pas eu d'affrontement direct entre les USA et l'URSS ? À cause de la menace de la bombe atomique
88%
Quelle doctrine a été instaurée par les USA au début de la Guerre Froide ? La Doctrine Truman
81%
Quand les tensions ont-elles été les plus hautes durant la Guerre Froide ? Pendant la Crise de Cuba
79%
Quels pays n'ont pas officiellement terminés la Guerre Froide ? La Corée du Sud et la Corée du Nord
76%
Quelles sont les dates de la Guerre du Vietnam ? 1955-1975
75%
Comment appelle-t'on la période qui suit la Crise de Cuba en 1962 ? La Détente
73%
Quand fut bâti le Mur de Berlin ? Le 13 août 1961
73%
Quelle évènement marque officiellement la fin de la Guerre Froide ? La Chute de l'URSS
72%
Quel évènement en 1980 replonge le monde dans la Guerre Froide ? L'invasion de l'Afghanistan par l'URSS
70%
Quelles sont les dates de la Guerre Froide ? 1947-1991
68%
Quand Staline est-il décédé ? 5 mars 1953
61%
Quel célèbre studio de comics Américaine à été fondé durant la Guerre Froide ? Marvel
60%
En quelle année a eu lieu le Blocus de Berlin ? 1948-1949
59%
Qu'appelle-t'on les "démocraties populaires" ? Les pays sous contrôles de l'URSS
56%
Quel dirigeant Soviétique améliore les relations avec les USA durant cette même période ? Brejnev
15%
Aucun quiz correspondant
Distribution des résultats
% des personnes avec chaque résultat
Percentile par nombre de réponses
Votre historique - résultats
Vous n’avez pas pris ce quiz